Esquema de ordenamiento territorial para el municipio de Mateare 2012 - 2027

Presenta un esquema de ordenamiento territorial para el municipio de Mateare 2012 - 2027 contiene marco territorial de referencia del municipio, diagnóstico y pronostico municipal, etapa de formulación de objetivos, políticas y lineamientos y elaboración de diversas alternativas de desarrollo....

Full description

Bibliographic Details
Main Authors: González Ruiz, Oliver Asdrúbal, Hernández Zavala, Jorge Natanael
Other Authors: Tutor: González Jirón, Jorge Samuel
Format: Tesis Section = Libro
Language:Undetermined
Spanish
Published: Managua UNI 2013
Subjects:
LEADER 01057nam a2200241Ia 4500
008 240830s9999 xx 000 0 und d
040 |a BIBLIOTECA-RUSB/ Mon 711.4 G643 
041 |a spa 
082 |a Mon 711.4 G643 
100 1 |a González Ruiz, Oliver Asdrúbal 
100 1 |b  Hernández Zavala, Jorge Natanael 
245 1 0 |a Esquema de ordenamiento territorial para el municipio de Mateare 2012 - 2027 
260 |a Managua  |b UNI  |c 2013 
300 |a 225 p. :il. 
502 |a Tesis (Arquitecto) - UNI, 2013. 
520 3 |a Presenta un esquema de ordenamiento territorial para el municipio de Mateare 2012 - 2027 contiene marco territorial de referencia del municipio, diagnóstico y pronostico municipal, etapa de formulación de objetivos, políticas y lineamientos y elaboración de diversas alternativas de desarrollo. 
650 7 |a URBANISMO 
650 7 |b  CIUDADES PLANES Y PALNIFICACION LABORAL 
650 7 |c  DESARROLLO URBANO - MATEARE 
700 1 |a Tutor:  |b González Jirón, Jorge Samuel 
942 |c BK  |2 ddc 
991 |a TESIS 
999 |c 20911